<?xml version="1.0" encoding="UTF-8"?>
<marc:record xmlns:marc="http://www.loc.gov/MARC21/slim">
   <marc:leader>00000nam a2200000 a 4500</marc:leader>
   <marc:datafield ind1="1" ind2=" " tag="100">
      <marc:subfield code="a">Krönes, Christian</marc:subfield>
   </marc:datafield>
   <marc:datafield ind1="1" ind2=" " tag="100">
      <marc:subfield code="a">Weigensamer, Florian</marc:subfield>
   </marc:datafield>
   <marc:datafield ind1="0" ind2="0" tag="245">
      <marc:subfield code="a">Welcome to Sodom [Bildtonträger]</marc:subfield>
   </marc:datafield>
   <marc:datafield ind1="0" ind2="0" tag="245">
      <marc:subfield code="b">dein Smartphone ist schon hier</marc:subfield>
   </marc:datafield>
   <marc:datafield ind1="0" ind2="0" tag="245">
      <marc:subfield code="c">Regie: Florian Weigensamer, Christian Krönes</marc:subfield>
   </marc:datafield>
   <marc:datafield ind1=" " ind2="1" tag="264">
      <marc:subfield code="b">EuroVideo Medien GmbH</marc:subfield>
      <marc:subfield code="c">2019</marc:subfield>
   </marc:datafield>
   <marc:datafield ind1="1" ind2=" " tag="520">
      <marc:subfield code="a">Die Elektroschrott-Müllhalde von Agbogbloshie ist das Zuhause von rund 6000 Menschen und ein Teil der ghanaischen Hauptstadt Accra. &#x84;Sodom&#x93; nennen die Bewohner diesen trostlosen Ort, an dem vieles von der Technik landet, die in europäischen Haushalten kaputtgeht oder, was regelmässig der Fall ist, einfach nicht mehr dem neuesten technischen Stand oder der angesagten Mode entspricht. Hier stapeln sich Smartphones, Computer, Tablets und Monitore, und inmitten der Berge aus Schrott leben und arbeiten Menschen, die nie in ihrem Leben solch ein Luxusgerät besessen haben. Sie stehen ganz am Ende der Wertschöpfungskette und schmelzen alte Kabel ein, um mit den so gewonnenen Rohstoffen ihren Lebensunterhalt zu bestreiten. Wie ihr Alltag inmitten von Müll und giftigen Rauchschwaden aussieht, das dokumentieren Florian Weigensamer und Christian Krönes in &#x84;Welcome To Sodom&#x93;.</marc:subfield>
   </marc:datafield>
   <marc:datafield ind1=" " ind2=" " tag="500">
      <marc:subfield code="a">Orig. : 2018. Sprache: Deutsch (Dolby Digital 5.1), Englisch (Dolby Digital 5.1). Untertitel: Deutsch</marc:subfield>
   </marc:datafield>
   <marc:datafield ind1="0" ind2=" " tag="490">
      <marc:subfield code="v">0</marc:subfield>
   </marc:datafield>
   <marc:datafield ind1=" " ind2=" " tag="300">
      <marc:subfield code="a">1 DVD (92 Min.) : farbig</marc:subfield>
   </marc:datafield>
</marc:record>
